| 000 | 00927nam a2200301 p 4500 | ||
|---|---|---|---|
| 999 |
_c127416 _d127416 |
||
| 001 | 4691019 | ||
| 003 | ARRUPE | ||
| 005 | 20180117095204.0 | ||
| 008 | 810209s1976 it b 001 0 ita | ||
| 010 | _a 81452862 | ||
| 015 | _aIt77-Feb | ||
| 020 | _cL6000 | ||
| 040 |
_aDLC _cDLC _dDLC |
||
| 050 | 0 | 0 |
_aGT4905 _b.L36 1976 |
| 082 | 0 | 0 |
_a394.2/683 _219 |
| 100 | 1 |
_aLanternari, Vittorio. _938537 |
|
| 245 | 1 | 3 |
_aLa grande festa : _bvita rituale e sistemi di produzione nelle società tradizionali / _cVittorio Lanternari. |
| 250 | _a2. ed. | ||
| 260 |
_aBari : _bDedalo libri, _c1976. |
||
| 300 |
_a590 p. ; _c21 cm. |
||
| 490 | 0 |
_aLa Scienza nuova ; _v45 |
|
| 500 | _aIncludes index. | ||
| 504 | _aBibliography: p. 553-568. | ||
| 650 | 0 |
_aNew Year. _938538 |
|
| 650 | 0 |
_aRites and ceremonies. _91907 |
|
| 650 | 0 |
_aEconomic anthropology. _937840 |
|
| 906 |
_a7 _bcbc _corignew _d4 _encip _f19 _gy-gencatlg |
||
| 942 |
_2lcc _cMONOGRAPH |
||